000 01107cam a22003497a 4500
003 CHAP
005 20250207172238.0
008 110623s2000 mx r 00010 spa d
010 _a101524
011 _a102496
020 _a970184848527
035 _a113184
040 _cCHAP
082 1 0 _a632.12
_aF6 2000
100 0 0 _aFlorescano, Enrique.
_941815
245 1 3 _aBreve historia de la sequía en México
_c/por Enrique Florescano
250 _a2 ed.
260 _aMéxico, D.F. :
_bCONACULTA,
_c2000
300 _a252 p. :
_bgráfs., cuadros
490 _aRegiones
590 _aBATCH-UPD
_b10
_c20130110
_lUCH01
_h1518
590 _aBATCH-UPD
_b10
_c20130410
_lUCH01
_h0931
590 _aBATCH-UPD
_b10
_c20130914
_lUCH01
_h1123
590 _aCONVERSION
_b10
_c20130109
_lUCH01
_h1356
650 1 4 _aCultivos
_xEfecto de las sequías.
_930255
650 1 4 _aCultivos
_xEfecto del clima.
_930256
650 1 4 _aSequías.
_9104511
830 0 _aRegiones (CONACULTA)
_995667
901 _aBK
942 _cLIBRO
949 _a632.12 F6 2000
_bBC
_cLIBRO
_d33724002242892
_eLIBRO
_gDonaciØn
_h115219
_i113184
_si
999 _c101524
_d101524